Statistics for South America Map Quiz

Click here to take the quiz!

General Stats

  • This quiz has been taken 843,044 times
  • The average score is 11 of 14

Answers on the Map

Answers color-coded by a green-red scale on the quiz's map according to % correct below.
Loading ...
 

Answer Stats

Answer% Correct
Brazil
97%
Chile
93%
Argentina
90%
Falkland Islands (UK)
81%
Peru
78%
Colombia
77%
Paraguay
76%
Ecuador
75%
Venezuela
75%
Uruguay
73%
Bolivia
72%
French Guiana
66%
Suriname
58%
Guyana
52%

Score Distribution

Percentile by Number Answered

Percent of People with Each Score

Your Score History

You have not taken this quiz